000 00840nam a22003017a 4500
005 20240716091243.0
008 200311b1999 CR ||||| |||| 00| 0 spa d
020 _a9977124027
041 _aESP
082 _a582.16 J61M
100 _aJimenez Madrigal, Quírico
_97171
100 _aEstrada Chavarría, Armando
_92463
100 _aRodríguez González, Alexánder
_957666
100 _aArroyo Mora, Pablo
_957667
245 _aManual dendrológico de Costa Rica
250 _a2 edición
260 _aCosta Rica
260 _bEditorial Tecnológica de Costa Rica
260 _bCentro de Investigación en Integración Bosques Industria
260 _c1999
300 _a150 páginas
650 _aDENDROLÓGIA
650 _aBOTÁNICA
650 _aÁRBOLES
650 _aBOSQUES
942 _cBK
_2ddc
999 _c12614
_d12614